<?xml version="1.0" encoding="UTF-8"?><?xml-stylesheet type="text/xsl" href="static/style.xsl"?><OAI-PMH xmlns="http://www.openarchives.org/OAI/2.0/" xmlns:xsi="http://www.w3.org/2001/XMLSchema-instance" xsi:schemaLocation="http://www.openarchives.org/OAI/2.0/ http://www.openarchives.org/OAI/2.0/OAI-PMH.xsd"><responseDate>2026-04-17T11:51:32Z</responseDate><request verb="GetRecord" identifier="oai:www.recercat.cat:2072/466840" metadataPrefix="marc">https://recercat.cat/oai/request</request><GetRecord><record><header><identifier>oai:recercat.cat:2072/466840</identifier><datestamp>2024-11-04T05:25:42Z</datestamp><setSpec>com_2072_98</setSpec><setSpec>col_2072_378192</setSpec></header><metadata><record xmlns="http://www.loc.gov/MARC21/slim" xmlns:dcterms="http://purl.org/dc/terms/" xmlns:xsi="http://www.w3.org/2001/XMLSchema-instance" xmlns:doc="http://www.lyncode.com/xoai" xsi:schemaLocation="http://www.loc.gov/MARC21/slim http://www.loc.gov/standards/marcxml/schema/MARC21slim.xsd">
   <leader>00925njm 22002777a 4500</leader>
   <datafield ind2=" " ind1=" " tag="042">
      <subfield code="a">dc</subfield>
   </datafield>
   <datafield ind2=" " ind1=" " tag="720">
      <subfield code="a">Porto Noronha, Ana Paula</subfield>
      <subfield code="e">author</subfield>
   </datafield>
   <datafield ind2=" " ind1=" " tag="720">
      <subfield code="a">Santina Murgo, Camélia</subfield>
      <subfield code="e">author</subfield>
   </datafield>
   <datafield ind2=" " ind1=" " tag="720">
      <subfield code="a">de Oliveira Barros, Leonardo</subfield>
      <subfield code="e">author</subfield>
   </datafield>
   <datafield ind2=" " ind1=" " tag="720">
      <subfield code="a">Soares Sena, Bárbara Cristina</subfield>
      <subfield code="e">author</subfield>
   </datafield>
   <datafield ind2=" " ind1=" " tag="720">
      <subfield code="a">Santos de Souza, Leonardo</subfield>
      <subfield code="e">author</subfield>
   </datafield>
   <datafield ind2=" " ind1=" " tag="260">
      <subfield code="c">2023</subfield>
   </datafield>
   <datafield ind2=" " ind1=" " tag="520">
      <subfield code="a">Objetivamos construir e analisar as propriedades psicométricas de um instrumento para avaliar a gratidão em formato de julgamento situacional. Após a análise de juízes e estudo piloto, houve a exclusão de 6 itens dos 15 elaborados inicialmente. No estudo de busca de evidência de validade por meio da estrutura interna participaram 514 pessoas, sendo 56% do sexo feminino, com idades entre 14 e 72 anos, que responderam à Escala de Gratidão, Escala de Afetos, Escala de Vitalidade e a Escala de Satisfação com a Vida. A análise fatorial exploratória indicou uma estrutura unidimensional composta por 9 itens. As mulheres apresentaram as maiores médias quando comparadas aos homens, tanto no julgamento como na autoavaliação da gratidão. A gratidão apresentou correlação, em sentido positivo com magnitude fraca, apenas com a vitalidade. Os dados indicaram evidências de validade com base no conteúdo do teste, consistência interna e na relação com variáveis externas para a Escala de Gratidão.</subfield>
   </datafield>
   <datafield ind2=" " ind1=" " tag="520">
      <subfield code="a">We aimed to build and analyze the psychometric properties of an instrument to assess gratitude in situational judgment format. After the analysis of judges' and pilot study, 6 items out of the 15 elaborated were excluded. In the internal structure study 514 people participated, being 56% female, aged between 14 and 72 years old, who answered the Gratitude Scale, Affections Scale, Vitality Scale and Life Satisfaction Scale. The exploratory factor analysis indicated a one-dimensional structure composed of 9 items. Women had the highest averages when compared to men, both in judgment and in the self-assessment of gratitude. The gratitude presented positively correlation with weak magnitude only with vitality, being positively explained by the gratitude. The data indicated evidence of validity based on the test content, on its internal consistency and in the relationship to external variables for the Gratitude Scale.</subfield>
   </datafield>
   <datafield ind1="8" ind2=" " tag="024">
      <subfield code="a">http://hdl.handle.net/2072/466840</subfield>
   </datafield>
   <datafield tag="653" ind2=" " ind1=" ">
      <subfield code="a">Bem-estar subjetivo</subfield>
   </datafield>
   <datafield tag="653" ind2=" " ind1=" ">
      <subfield code="a">Psicologia positiva</subfield>
   </datafield>
   <datafield tag="653" ind2=" " ind1=" ">
      <subfield code="a">Psicometria</subfield>
   </datafield>
   <datafield tag="653" ind2=" " ind1=" ">
      <subfield code="a">Avaliação</subfield>
   </datafield>
   <datafield tag="653" ind2=" " ind1=" ">
      <subfield code="a">Subjective well-being</subfield>
   </datafield>
   <datafield tag="653" ind2=" " ind1=" ">
      <subfield code="a">Positive psychology</subfield>
   </datafield>
   <datafield tag="653" ind2=" " ind1=" ">
      <subfield code="a">Psychometrics</subfield>
   </datafield>
   <datafield tag="653" ind2=" " ind1=" ">
      <subfield code="a">Assessment</subfield>
   </datafield>
   <datafield ind2="0" ind1="0" tag="245">
      <subfield code="a">Construção e Evidências Psicométricas da Escala de Gratidão</subfield>
   </datafield>
</record></metadata></record></GetRecord></OAI-PMH>